Formule 1 - Quiz écurie : Force India - Statistiques

Statistiques générales
  • Ce quiz a été pris 57 fois
  • Le résultat moyen est 11 sur 20
Statistiques - réponses
Hint Réponse % Correct
Champion du monde constructeur Nombre de titres 0
93%
Champion du monde pilote Nombre de titres 0
93%
Histoire Dernière année de F1 2018
91%
Histoire Couleurs Le drapeau de l'Inde
91%
Histoire Première année de F1 2008
86%
Histoire Pays d'origine Inde
86%
Tous les pilotes 2014 - 2018 Sergio Pérez
82%
L'après Quel homme l'a racheté ? Lawrence Stroll
80%
Tous les pilotes 2017 - 2018 Esteban Ocon
75%
Tous les pilotes 2012 & 2014 - 2016 Nico Hülkenberg
73%
Tous les pilotes 2008 - 2011 & 2013 Adrian Sutil
43%
Tous les pilotes 2008 - 2010 Giancarlo Fisichella
36%
Tous les pilotes 2011 - 2013 Paul di Resta
36%
Tous les pilotes 2009 - 2010 Vitantonio Liuzzi
34%
Histoire Présidents Vijay Mallya
30%
L'après Pourquoi l'équipe a-t-elle quitté la formule 1 ? Elle a fait faillite
23%
L'après Quelle écurie l'a racheté ? Racing Points
16%
Histoire Directeur Robert Fernley
16%
Histoire Nom Complet (aujourd'hui) Sahara Force India Formula One Team
11%
Histoire Présidents Subrata Roy
11%
Aucun quiz correspondant
Distribution des résultats
% des personnes avec chaque résultat
Percentile par nombre de réponses
Votre historique - résultats
Vous n’avez pas pris ce quiz